000 00301nam a22001337a 4500
008 171020b xxu||||| |||| 00| 0 eng d
020 _a9780137130481
041 _aeng
080 _29TH
_a338
100 _a54
101 _aMEN
245 _aMODERN DATABASE MANAGEMENT
_cHOFFER,J.A
942 _2udc
_cBK
999 _c35208
_d35208